[Event "Skovlunde Pinse Basis 4"]
[Site "Skovlunde"]
[Date "2000.06.11"]
[Round "2"]
[White "Thrane, Jens S"]
[Black "Mikkelsen, Frederik"]
[Result "1-0"]
[WhiteElo "1329"]
[BlackElo "1000"]
[PlyCount "91"]
[EventDate "2000.06.10"]
[EventType "swiss"]
[EventRounds "5"]
[EventCountry "DEN"]
[SourceTitle "EXT 2025"]
[Source "ChessBase"]
[SourceDate "2024.10.14"]
[SourceVersion "1"]
[SourceVersionDate "2024.10.14"]
[SourceQuality "1"]

1. d4 e6 2. e4 d5 3. e5 f6 4. f4 fxe5 5. dxe5 d4 6. Nf3 Nc6 7. a3 Bd7 8. Nxd4 Bc5 9. Nf3 Qe7 10. Nc3 0-0-0 11. Bd2 Nd4 12. Bd3 Nxf3+ 13. Qxf3 Bc6 14. Ne4 Bxe4 15. Bxe4 c6 16. 0-0-0 Bd4 17. Bb4 Bc5 18. Ba5 Rxd1+ 19. Rxd1 Qe8 20. Rd8+ Qxd8 21. Bxd8 Kxd8 22. Qg4 Bf8 23. Qxe6 Nh6 24. g4 Bc5 25. Bxc6 bxc6 26. g5 Be3+ 27. Kb1 Ng8 28. Qf7 h6 29. g6 Bxf4 30. Qxf4 Ne7 31. Qf7 Re8 32. Qxg7 Nxg6 33. Qxg6 Rxe5 34. Qxc6 h5 35. Qd6+ Kc8 36. Qxe5 h4 37. Qh8+ Kb7 38. Qxh4 Kc6 39. Qd4 a6 40. h4 Kb5 41. h5 Kc6 42. h6 Kb5 43. h7 Kc6 44. h8Q Kb5 45. Qe8+ Ka5 46. Qea4# 1-0